000
00236nam a22000857a 4500
999
_c
6957
_d
6957
008
170620b xxu||||| |||| 00| 0 eng d
020
_a
9780323081351
100
_9
3572
_a
Bushong,Stewant grlyle
245
_a
Radiologic Science for 10 Technologys
260
_b
Elsener
_c
2008